000 01088cab a22002175a 4500
001 L144360
008 080714s2008 xxkbo f 000 0 eng d
035 _a(Sirsi) u144360
041 0 _aeng
100 1 _aAlexander, Kaye
245 0 0 _aJacobean splendour
260 _c2008
490 _aArchitects' Journal
_vJune 2008, 32-42(8)
520 _aReports on the restoration of decorative ceilings from the Jacobean period. Explains how acoustic lighting shafts are used in an office building in Ireland. Provides descriptions of products: flexible freestanding partition; raised access flooring system; floor isolation system. Table provides cost breakdowns for timber stud partitions, storage walls and suspended ceilings.
651 4 _aUnited Kingdom
_y
651 4 _aUnited Kingdom
_y
690 _aBUILT ENVIRONMENT-BUILDING ELEMENTS-COMPLETE BUILDING ELEMENTS-WALLS-INTERNAL WALLS AND PARTITIONS
690 _aBUILT ENVIRONMENT-BUILDING ELEMENTS-COMPLETE BUILDING ELEMENTS-FLOORS
690 _aBUILT ENVIRONMENT-BUILDING ELEMENTS-COMPLETE BUILDING ELEMENTS-ROOFS
942 _n0
999 _c80445
_d80445